000 00295nam a2200121Ia 4500
008 220204s9999 xx 000 0 und d
082 _a677
_bGAR
100 _aGarner, W
245 0 _aTextile laboratory manual. V 15. Fibres
260 _aLondon
_bHeywood
_c1967
650 _aFibres
942 _cBK
999 _c22566
_d22566